| 000 | 00886nam a2200253 a 4500 | ||
|---|---|---|---|
| 005 | 20240412131119.0 | ||
| 008 | 100309e1990||||ag f0 s|1s0 spa d | ||
| 020 | _a9505570112 | ||
| 041 | _aspa | ||
| 092 |
_c111.1 _l26 _sFRO |
||
| 100 | 1 |
_aFromm, Erich _93118 |
|
| 245 | 1 |
_a¿Tener o ser? / _cErich Fromm |
|
| 250 |
_a1a ed. 7a reimp. _bTraducción Carlos Valdéz |
||
| 260 |
_aBuenos Aires: _bFondo de Cultura Económica: _c1990. |
||
| 300 | _a191 p. | ||
| 500 | _aFromm, E. (1990). ¿Tener o ser?. (7a ed.). Buenos Aires : Fondo de Cultura Económica. | ||
| 590 | _aDonación Dora Vera, febrero 2017. | ||
| 653 | _aDiferencia entre el tener y ser | ||
| 653 | _aTener y ser en la experiencia cotidiana | ||
| 653 | _aAnálisis de las diferencias fundamentales de los modos de existencia | ||
| 653 | _aHombre nuevo y la sociedad nueva | ||
| 930 | _a3781 | ||
| 942 |
_2ddc _cBK |
||
| 999 |
_c2324 _d2324 |
||